Logo BPK

Biblioteka

Politechniki Koszalińskiej

II Ogólnopolska Konferencja Naukowa na temat Kompleksowe i szczegółowe problemy inżynierii środowiska : (Rekord nr 23419)

Szczegóły MARC
000 -ETYKIETA REKORDU
podpole kontrolne o stałej długości 01157nam a2200253 i 4500
001 - NUMER KONTROLNY REKORDU
pole kontrolne bg
003 - IDENTYFIKATOR NUMERU KONTROLNEGO REKORDU
podpole kontrolne BPK
005 - DATA OSTATNIEJ MODYFIKACJI REKORDU
podpole kontrolne 20210204135022.0
008 - POLE O STAŁEJ DŁUGOŚCI - DANE KONTROLNE
podpole kontrolne o stałej długości s1987 pl f |100 0 pol
040 ## - ŹRÓDŁO KATALOGOWANIA
Instytucja, która utworzyła rekord BPK
080 ## - UNIWERSALNA KLASYFIKACJA DZIESIĘTNA - UKD
UKD 628.3
080 ## - UNIWERSALNA KLASYFIKACJA DZIESIĘTNA - UKD
UKD (06)
245 #3 - TYTUŁ/ODPOWIEDZIALNOŚĆ
Tytuł II Ogólnopolska Konferencja Naukowa na temat Kompleksowe i szczegółowe problemy inżynierii środowiska :
Ciąg dalszy tytułu zbiór referatów.
Oznaczenie części/sekcji dzieła Z. 4-monotematyczny,
Tytuł części/sekcji dzieła Badania i opracowanie technologii kompleksowego oczyszczania ścieków poprodukcyjnych Fabryki Materiałów i Wyrobów Ściernych KORUND w Kole /
Pozostałe elementy strefy tytułu i oznaczenia odpowiedzialności aut. Anna Anielak, Tadeusz Piecuch ; [red. nauk. Tadeusz Piecuch].
246 ## - WARIANT TYTUŁU
Tytuł Kompleksowe i szczegółowe problemy inżynierii środowiska
260 ## - STREFA ADRESU WYDAWNICZEGO
Miejsce wydania Częstochowa,
Data publikacji, dystrybucji/powstania dokumentu 1987.
650 #4 - HASŁO PRZEDMIOTOWE W FORMIE NAZWY OGÓLNEJ LUB JEDNOSTKOWEJ
Nazwa ogólna lub geograficzna Ścieki przemysłowe
650 #4 - HASŁO PRZEDMIOTOWE W FORMIE NAZWY OGÓLNEJ LUB JEDNOSTKOWEJ
Nazwa ogólna lub geograficzna Oczyszczanie ścieków
655 #4 - TERMIN INDEKSOWY - OKREŚLENIE RODZAJU/FORMY DOKUMENTU
Określenie rodzaju/formy dokumentu Materiały konferencyjne
658 ## - TERMIN INDEKSOWY - PRZEDMIOT PROGRAMU NAUCZANIA
Główny przedmiot programu nauczania Inżynieria i technika
700 1# - HASŁO DODATKOWE - NAZWA OSOBOWA
Nazwa osobowa Anielak, Anna Maria
Daty związane z nazwą (1952- )
Określenie związku między hasłem a opisywanym materiałem Redakcja
700 1# - HASŁO DODATKOWE - NAZWA OSOBOWA
Nazwa osobowa Piecuch, Tadeusz
Daty związane z nazwą (1946-2018)
Określenie związku między hasłem a opisywanym materiałem Autor
856 ## - LOKALIZACJA I DOSTĘP DO ELEKTRONICZNYCH DOKUMENTÓW ZDALNYCH
Link (URL) http://koha.tu.koszalin.pl/cgi-bin/koha/opac-detail.pl?biblionumber=23419
Tekst linku Katalog online BPK
942 ## - DODATKOWE ELEMENTY (KOHA)
Typ dokumentu Książka
Schemat klasyfikacji Uniwersalna Klasyfikacja Dziesiętna
Egzemplarze
Wycofany Status egzemplarza Uszkodzony Dostępność Lokalizacja stała Lokalizacja bieżąca Miejsce przechowywania Sygnatura Kod kreskowy Dział Typ dokumentu
      Tylko na miejscu Biblioteka Politechniki Koszalińskiej Biblioteka Politechniki Koszalińskiej Czytelnia BG 33516 01471977 628.1/.8 Inżynieria sanitarna Książka
© 2023 Biblioteka Politechniki Koszalińskiej :: KOHA